| 000 | 01463cam a22003974a 4500 | ||
|---|---|---|---|
| 020 | _a0415274559 (HB : alk. paper) | ||
| 082 | 0 | 0 |
_a624.151363 _bGRO _cN-01,P-220. |
| 100 |
_aMoseley _930188 |
||
| 245 | 0 | 0 |
_aGround improvement / _cedited by M.P. Moseley and K. Kirsch. |
| 250 | _a2nd ed. | ||
| 260 |
_aLondon ; _aNew York : _bSpon Press, _c2004. |
||
| 300 |
_avi, 431 p. : _bill. ; _c25 cm. |
||
| 526 |
_a0 _b0 _c0 _d624_151363000000000_GRO |
||
| 526 |
_a0 _b0 _c0 _d624_151363000000000_GRO |
||
| 526 |
_a0 _b0 _c0 _d624_151363000000000_GRO |
||
| 526 |
_a0 _b0 _c0 _d624_151363000000000_GRO |
||
| 526 |
_a0 _b0 _c0 _d624_151363000000000_GRO |
||
| 526 |
_a0 _b0 _c0 _d624_151363000000000_GRO |
||
| 526 |
_a0 _b0 _c0 _d624_151363000000000_GRO |
||
| 526 |
_a0 _b0 _c0 _d624_151363000000000_GRO |
||
| 526 |
_a0 _b0 _c0 _d624_151363000000000_GRO |
||
| 526 |
_a0 _b0 _c0 _d624_151363000000000_GRO |
||
| 526 |
_a0 _b0 _c0 _d624_151363000000000_GRO |
||
| 526 |
_a0 _b0 _c0 _d624_151363000000000_GRO |
||
| 526 |
_a0 _b0 _c0 _d624_151363000000000_GRO |
||
| 526 |
_a0 _b0 _c0 _d624_151363000000000_GRO |
||
| 650 | 0 |
_aGrouting. _923495 |
|
| 650 | 0 |
_aNUST _96342 |
|
| 650 | 0 |
_aSoil consolidation. _923494 |
|
| 650 | 0 |
_aSoil stabilization. _913080 |
|
| 700 | 1 |
_aKirsch, Klaus. _913079 |
|
| 700 | 1 |
_aMoseley, M. P. _930189 |
|
| 856 | 4 | 1 | _uhttp://www.loc.gov/catdir/toc/ecip0410/2003023932.html |
| 856 | 4 | 2 | _uhttp://www.loc.gov/catdir/enhancements/fy0650/2003023932-d.html |
| 942 |
_2ddc _cBK |
||
| 999 |
_c542521 _d542521 |
||